<?xml version="1.0" encoding="UTF-8"?>
<marc:record xmlns:marc="http://www.loc.gov/MARC21/slim">
   <marc:leader>00000nam a2200000 a 4500</marc:leader>
   <marc:datafield ind1="1" ind2=" " tag="100">
      <marc:subfield code="a">Kaempfe, Peter</marc:subfield>
   </marc:datafield>
   <marc:datafield ind1="1" ind2=" " tag="100">
      <marc:subfield code="a">Inkiow, Dimiter</marc:subfield>
   </marc:datafield>
   <marc:datafield ind1="0" ind2="0" tag="245">
      <marc:subfield code="a">Griechische Sagen III</marc:subfield>
   </marc:datafield>
   <marc:datafield ind1=" " ind2="1" tag="264">
      <marc:subfield code="a">Dortmund</marc:subfield>
      <marc:subfield code="b">IGEL RECORDS</marc:subfield>
      <marc:subfield code="c">2002</marc:subfield>
   </marc:datafield>
   <marc:datafield ind1="1" ind2=" " tag="490">
      <marc:subfield code="a">Kinder-CD</marc:subfield>
      <marc:subfield code="v">29</marc:subfield>
   </marc:datafield>
   <marc:datafield ind1="1" ind2=" " tag="520">
      <marc:subfield code="a">Dimiter Inkiows erfolgreiche Klassiker-Reihe bei Igel Records wird mit der dritten Folge seiner Griechischen Sagen fortgesetzt. Und wie schon in seinen bisherigen Bestsellern Sagen 1 und 2, Die Heldentaten des Herkules, Die Abenteuer des Odysseus, Zug der Argonauten und Jason und Medea gelingt es Inkiow auch diesmal, mit leichter Hand, seine Zuhörer in die Welt der Götter, Halbgötter, Mythen und Mysterien zu entführen. Vom Staub der Jahrtausende befreit sprechen InkiowZs Helden eine für Kinder verständliche Sprache.</marc:subfield>
   </marc:datafield>
   <marc:datafield ind1="0" ind2=" " tag="490">
      <marc:subfield code="v">0</marc:subfield>
   </marc:datafield>
   <marc:datafield ind1=" " ind2=" " tag="300">
      <marc:subfield code="a">1 CD (92 Min.)</marc:subfield>
   </marc:datafield>
</marc:record>
